000 00600nam a2200229Ia 4500
003 OSt
005 20220918225244.0
006 a|||||r|||| 00| 0
007 ta
008 220917b |||||||| |||| 00| 0 eng d
024 _a239,352
037 _cTextual
040 _aARTS
_cARTS
_beng
041 _2eng
_aeng
082 _aWxL28x, K0;1
100 _aBurke Edmund
_950584
245 0 _aPhilosophy of Edmund Burke
260 _aUSA
_bThe University od Michigan Press
_c1960
650 _aHISTORY
942 _hWxL28x, K0;1
_cTEXL
_2CC
999 _c284114
_d284114